000 00422nam a22001697a 4500
005 20160524111457.0
008 160524b xxu||||| |||| 00| 0 eng d
020 _a81-7660-821-0
041 _aeng
082 _b4518
100 _aOKA, Millind M. Dr.
_91075
245 _aCasesin Management Information Systems
260 _aNew Delhi
_bAcademic Faundation
300 _a115
650 _aManagement
_9241
942 _cBK
999 _c1516
_d1515